000 00609nam a2200181 a 4500
001 000040291
005 20201002034033.0
008 130802s2004 mx 000 0 spa d
020 _a9703220207
040 _aDO-SdBNP
_bspa
_cBNPHU
100 1 _aLoyola, San Ignancio de
_966571
245 1 0 _aAutobiografía /
_cSan Ignancio de lo Yola ; introducción Ignacio Solares.
260 _aMéxico :
_bUniversidad Nacional Autónoma de México,
_c2004.
300 _a89 p. ;
_c18 cm.
490 1 _aRelato Licenciado Vidriera
_v3
700 1 _aSolares, Ignacio
_966572
830 0 _aRelato Licenciado Vidriera
_v3
_966234
999 _c39781
_d39781